banner koha

Pragas da cultura da mandioca no estado do Rio de Janeiro [Manihot esculenta, Mononychellus tanajoa, Saissetia sp., Atta sexdens rubropilosa, Erinnyis ello, acaro, inseto, Brasil] (Registro n. 278378)

MARC details
000 -LÍDER
campo de controle de tamanho fixo 01315nac a22003257a 4500
001 - NÚMERO DE CONTROLE
campo de controle BR8500004
003 - IDENTIFICADOR DO NÚMERO DE CONTROLE
campo de controle BR-BrBNA
005 - DATA E HORÁRIO DA ÚLTIMA TRANSAÇÃO
campo de controle 20240105120220.0
008 - CAMPO DE DADOS FIXOS--INFORMAÇÃO GERAL
campo de controle de tamanho fixo 230509b bl.|||m| |||| 00| 0 por d
040 ## - FONTE DA CATALOGAÇÃO
Instituição da catalogação original BR-BrBNA
Idioma da catalogação por
Instituição que transcreveu o registro Biblioteca Nacional de Agricultura
072 ## - CÓDIGO DE CATEGORIA DE ASSUNTO
Código de Categoria de Assunto H10
090 ## - NÚMERO DE CHAMADA LOCAL
Número de chamada 1540 BR8500004
110 1# - ENTRADA PRINCIPAL--NOME CORPORATIVO
Nome corporativo ou nome da jurisdição Empresa de Pesquisa Agropecuaria do Estado do Rio de Janeiro, Niteroi (Brasil)
245 1# - TÍTULO
Título Pragas da cultura da mandioca no estado do Rio de Janeiro [Manihot esculenta, Mononychellus tanajoa, Saissetia sp., Atta sexdens rubropilosa, Erinnyis ello, acaro, inseto, Brasil]
246 1# - FORMA VARIANTE DO TÍTULO
Título/título abreviado Pests of cassava crop in the state of Rio de Janeiro [Manihot esculenta, Mononychellus tanajoa, Saissetia sp., Atta sexdens rubropilosa, Erinnyis ello, acarid, insect, Brazil]
260 3# - PUBLICAÇÃO, DISTRIBUIÇÃO, ETC.
Local de publicação, distribuição, etc. Niteroi, RJ (Brasil):
Data da publicação, distribuição, etc. 1984.
300 ## - DESCRIÇÃO FÍSICA
Extensão 27 p.
490 ## - TÍTULO DA SÉRIE
Título da série Circular Tecnica - Empresa de Pesquisa Agropecuaria do Estado do Rio de Janeiro (Brazil)
Número do volume ou designação sequencial da série no. 8
ISSN - International Standard Serial Number ISSN 0100-8331
500 ## - NOTA GERAL
Nota geral 18 illus.; 12 ref.; Summary (Pt)
650 ## - ASSUNTO--TERMO TÓPICO
Cabeçalho tópico ou nome geográfico MANDIOCA
650 ## - ASSUNTO--TERMO TÓPICO
Cabeçalho tópico ou nome geográfico ACARO VERDE
650 ## - ASSUNTO--TERMO TÓPICO
Cabeçalho tópico ou nome geográfico COCHONILHA
650 ## - ASSUNTO--TERMO TÓPICO
Cabeçalho tópico ou nome geográfico SAUVA
650 ## - ASSUNTO--TERMO TÓPICO
Cabeçalho tópico ou nome geográfico MANDAROVA
650 ## - ASSUNTO--TERMO TÓPICO
Cabeçalho tópico ou nome geográfico SINTOMA
650 ## - ASSUNTO--TERMO TÓPICO
Cabeçalho tópico ou nome geográfico BIOLOGIA
650 ## - ASSUNTO--TERMO TÓPICO
Cabeçalho tópico ou nome geográfico RIO DE JANEIRO
909 ## -
-- 202312
-- Lúcia Elande
-- 55
-- Lúcia Elande
942 ## - ELEMENTOS DE ENTRADA ADICIONADOS (KOHA)
Fonte da classificação ou esquema de arquivamento na estante Classificação AGRIS
Ocultar no OPAC Não
Tipo de material Koha Monografia Seriada
Exemplares
Situação do descarte Fonte da classificação ou esquema de arquivamento na estante Situação física Não pode ser emprestado Coleção Biblioteca de origem Biblioteca atual Localização na estante Total de empréstimos Número de telefone completo Código de barras Data de último acesso Tipo de material Koha Fonte de aquisição
  Classificação AGRIS       Biblioteca Nacional de Agricultura - Binagri Biblioteca Nacional de Agricultura - Binagri Agrobase - Acervo Geral   1540 BR8500004 1540 BR8500004 18/12/2023 Monografia Seriada Portaria Interministerial nº 164/94

BINAGRI

Telefone: (61)3218-2567/2388/3357/2097 - binagri@agro.gov.br

Ministério da Agricultura e Pecuária , Esplanada dos Ministérios, Bloco D, Anexo B, Brasília/DF, CEP: 70.043-900